拼音H开头的中国县级行政区County-Level Regions Starts with Pinyin H in China - Statistics

General Stats
  • This quiz has been taken 68 times
    26 since last reset
  • The average score is 140 of 217
Answer Stats
答案 % Correct
河东区(天津市)
94%
河东区(临沂市)
94%
河西区
94%
海安市
88%
海南区
88%
海宁市
88%
海州区(阜新市)
88%
海州区(连云港市)
88%
含山县
88%
汉川市
88%
河北区
88%
河南蒙古族自治县
88%
衡山县
88%
红安县
88%
洪山区
88%
化州市
88%
淮阴区
88%
海港区
81%
海兴县
81%
海盐县
81%
海阳市
81%
邯山区
81%
汉阳区
81%
汉阴县
81%
合川区
81%
合江县
81%
和平区(天津市)
81%
和平区(沈阳市)
81%
和平县
81%
和田市
81%
和田县
81%
和县
81%
河口区
81%
河口瑶族自治县
81%
鹤山区
81%
鹤山市
81%
横州市
81%
衡南县
81%
衡阳县
81%
红山区
81%
洪湖市
81%
湖滨区
81%
华安县
81%
华阴市
81%
华州区
81%
滑县
81%
怀宁县
81%
淮安区
81%
淮阳区
81%
黄山区
81%
黄州区
81%
海勃湾区
75%
海城区
75%
海城市
75%
海丰县
75%
海门区
75%
邗江区
75%
韩城市
75%
合山市
75%
赫山区
75%
黑水县
75%
横山区
75%
衡东县
75%
红河县
75%
虹口区
75%
侯马市
75%
湖口县
75%
虎丘区
75%
鄠邑区
75%
花山区
75%
怀仁市
75%
桓台县
75%
黄龙县
75%
湟源县
75%
湟中区
75%
汇川区
75%
惠城区
75%
海淀区
69%
海陵区
69%
海原县
69%
海珠区
69%
寒亭区
69%
汉寿县
69%
黑山县
69%
恒山区
69%
红旗区
69%
红桥区
69%
红原县
69%
洪江市
69%
华容区
69%
华容县
69%
怀来县
69%
怀柔区
69%
淮滨县
69%
槐荫区
69%
环江毛南族自治县
69%
环县
69%
黄埔区
69%
黄梅县
69%
辉县市
69%
徽县
69%
会宁县
69%
惠安县
69%
惠山区
69%
惠阳区
69%
珲春市
69%
哈巴河县
63%
海沧区
63%
海伦市
63%
海曙区
63%
海棠区
63%
涵江区
63%
汉滨区
63%
汉南区
63%
汉源县
63%
杭锦后旗
63%
杭锦旗
63%
濠江区
63%
合阳县
63%
和安县
63%
和顺县
63%
河间市
63%
贺兰县
63%
鹤城区
63%
鹤峰县
63%
洪泽区
63%
虎林市
63%
花溪区
63%
桦川县
63%
桦甸市
63%
桦南县
63%
怀安县
63%
怀集县
63%
怀远县
63%
黄浦区
63%
黄石港区
63%
潢川县
63%
徽州区
63%
惠东县
63%
浑南区
63%
霍尔果斯市
63%
海林市
56%
海晏县
56%
汉台区
56%
合作市
56%
和静县
56%
和康县
56%
和龙市
56%
和硕县
56%
河津市
56%
荷塘区
56%
鹤庆县
56%
红古区
56%
红谷滩区
56%
红塔区
56%
洪洞县
56%
呼兰区
56%
呼玛县
56%
互助土族自治县
56%
花都区
56%
花垣县
56%
华宁县
56%
华亭市
56%
化德县
56%
皇姑区
56%
黄陂区
56%
黄陵县
56%
惠来县
56%
惠民县
56%
霍山县
56%
合浦县
50%
河曲县
50%
赫章县
50%
华池县
50%
华坪县
50%
黄岛区
50%
会同县
50%
霍城县
50%
霍邱县
50%
霍州市
50%
合水县
44%
和政县
44%
横峰县
44%
红岗区
44%
宏伟区
44%
洪雅县
44%
壶关县
44%
湖里区
44%
华龙区
44%
华蓥市
44%
化隆回族自治县
44%
淮上区
44%
桓仁满族自治县
44%
黄骅市
44%
黄平县
44%
黄岩区
44%
回民区
44%
会理市
44%
惠济区
44%
惠农区
44%
获嘉县
44%
霍林郭勒市
44%
红花岗区
38%
环翠区
38%
辉南县
38%
会泽县
38%
惠水县
38%
浑江区
38%
和布克赛尔蒙古自治县
31%
胡杨河市
31%
会昌县
31%
会东县
31%
浑源县
31%
海拉尔区
25%
和林格尔县
25%
呼图壁县
25%
红寺堡区
19%
No matching quizzes found
Score Distribution
Percent of People with Each Score
Percentile by Number Answered
Your Score History
You have not taken this quiz since the last reset